Welcome to the Holygrace Academy Library

Please use search bar below to get started

THE LUMINOUS LIFE OF AMARTYA SEN (Record no. 6024)

MARC details
000 -LEADER
fixed length control field 00327nam a22001457a 4500
020 ## - INTERNATIONAL STANDARD BOOK NUMBER
ISBN 817573803-0
082 ## - DEWEY DECIMAL CLASSIFICATION NUMBER
Classification number 920
Item number DUA/A
100 ## - MAIN ENTRY--AUTHOR NAME
Personal name DUA,SHYAM
245 ## - TITLE STATEMENT
Title THE LUMINOUS LIFE OF AMARTYA SEN
250 ## - EDITION STATEMENT
Edition statement FIRST
260 ## - PUBLICATION, DISTRIBUTION, ETC. (IMPRINT)
Place of publication DELHI
Name of publisher TINY TOT PUBLICATION
Year of publication 2006
300 ## - PHYSICAL DESCRIPTION
Number of Pages 96
650 ## - SUBJECT ADDED ENTRY--TOPICAL TERM
Topical Term BIOGRAPHY
Geographic subdivision DELHI
942 ## - ADDED ENTRY ELEMENTS (KOHA)
Koha item type Books
Holdings
Withdrawn status Lost status Collection code Home library Current library Shelving location Date acquired Source of acquisition Full call number Accession Number Koha item type
    Reference Main Library Main Library SHELF-17-K-BIOGRAPHIES & AUTOBIOGRAPHIES 02/05/2009 PURCHASE 920 DUA/A 03667 Books